Wild Cats by Picture - Statistics

General Stats
  • This quiz has been taken 257 times
  • The average score is 10 of 16
Answer Stats
Picture Answer % Correct
Lion
100%
Tiger
100%
Cheetah
99%
Snow Leopard
97%
Jaguar
92%
Lynx
92%
Panther
92%
Bobcat
75%
Ocelot
68%
Caracal
48%
Serval
44%
Sand Cat
32%
Pallas's Cat
29%
Pampas Cat
6%
Bay Cat
5%
Marbled Cat
5%
No matching quizzes found
Score Distribution
Percent of People with Each Score
Percentile by Number Answered
Your Score History
You have not taken this quiz